000 00612nam a2200241Ia 4500
003 OSt
005 20221007063247.0
006 a|||||r|||| 00| 0
007 ta
008 221006b |||||||| |||| 00| 0 eng d
024 _a17,292
037 _cTextual
040 _aFLL
_cFLL
_beng
041 _2eng
_aeng
082 _aXM55:Z2, J6
100 _aPandia R.H.
_9345944
245 0 _aHandbook of company law
250 _a4th
260 _aBombay
_bPopular book depot India
_c1956
300 _a287p
_ccm.
942 _hXM55:Z2, J6
_cTEXL
_2CC
999 _c1130812
_d1130812